| 000 | 00000nam 2200000za 4500 |
| 001 | 9.822409 |
| 003 | CaOODSP |
| 005 | 20221107143657 |
| 007 | cr ||||||||||| |
| 008 | 160810s1946 onc #os f000 0 eng d |
| 040 | |aCaOODSP|beng |
| 041 | |aeng|afre |
| 043 | |an-cn--- |
| 086 | 1 |aCS84-D-51/1948-1-PDF |
| 245 | 00|aCensus and estimated populations of Canada and the provinces by sex and age group, 1931-1945 |h[electronic resource]. |
| 246 | 15|aPopulation de recensement et population estimative du Canada et des provinces par sexe et groupe d'âge, 1931-1945 |
| 260 | |aOttawa : |bDominion Bureau of Statistics, |c1946. |
| 300 | |a19 p. |
| 490 | 1 |aVital statistics analytical report ; |vno. 1 |
| 500 | |aDigitized edition from print [produced by Statistics Canada]. |
| 500 | |aTitle on added title page: Population de recensement et population estimative du Canada et des provinces par sexe et groupe d'âge, 1931-1945. |
| 520 | |aThe present publication provides estimates of the population of Canada and the Provinces by sex and age for the years 1931-45. Estimates of the provincial population have not been previously published. |
| 546 | |aText in English and French with separate title pages. |
| 692 | 07|2gccst|aStatistics |
| 692 | 07|2gccst|aCensus |
| 692 | 07|2gccst|aPopulation distribution |
| 710 | 1 |aCanada.|bDominion Bureau of Statistics.|bVital Statistics Branch. |
| 792 | |tCensus and estimated populations of Canada and the provinces by sex and age group, 1931-1945 |efre|w(CaOODSP)9.822433 |
| 830 | #0|aVital statistics analytical report ; |w(CaOODSP)9.813997 |
| 856 | 40|qPDF|s5.15 MB|uhttps://publications.gc.ca/collections/collection_2016/statcan/CS84-D-51-1948-1.pdf |